000 00217nam a2200097Ia 4500
008 240331s9999 xx 000 0 und d
082 _bKOS
100 _aKosh, S.K
245 0 _aInthiyap peru mudalali varkkam
942 _cL
999 _c2217
_d2217